000 00411nam a2200133 a 4500
005 20140412111344.0
008 041005s19uu xx 00 eng d
050 _aTR(GS 658.32
_bT11 2003
100 _aTan, Genevieve Ledesma
245 _aJob Ranking and salary schemes for school and colleges /
_cGenevieve Ledesma Tan.
260 _aLas Pinas :
_bSisc Publications,
_c2003.
300 _a137
999 _c105190
_d105190